• 首页
  • 本馆介绍
  • 公告通知
  • 最新文献
  • 馆藏检索
  • 电子资源
  • 读者导购
  • 参考咨询
  • 我的图书馆
  • 登录
  • 详细信息显示
  • 放入我的书架
  • 预约/预借图书
  • 作者相关作品
  • 分类相关作品
  • 丛书相关作品
  • 出版社相关作品

书目信息

  • 表格格式
  • 工作单格式
  • 卡片格式
题名:
大学物理实验
    
 
作者: 张志东 , 魏怀鹏 , 展永 主编
分册:  
出版信息: 北京   科学出版社  2019
页数: xi, 506页
开本: 26cm
丛书名:
单 册:
中图分类: O4-33
科图分类:
主题词: 物理学--wu li xue--实验--高等学校--教材
电子资源:
ISBN: 978-7-03-061957-0
000 01267nam0 2200289 450
001 012001002805
005 20191121144503.25
010    @a978-7-03-061957-0@dCNY69.00
099    @aCAL 012019104959
100    @a20190904d2019 em y0chiy50 ea
101 0  @achi
102    @aCN@b110000
105    @aak z 000yy
106    @ar
200 1  @a大学物理实验@Ada xue wu li shi yan@f张志东, 魏怀鹏, 展永主编
205    @a第6版
210    @a北京@c科学出版社@d2019
215    @axi, 506页@c图@d26cm
300    @a“十二五”普通高等教育本科国家级规划教材 普通高等教育“十三五”规划教材
330    @a本书分为三篇:第1篇“实验理论与基础知识”,系统性、完整性较强。第2篇“基础性、综合性、应用性实验”,内容涵盖力学与热学、电磁学、光学、近代物理与信息处理综合性、应用性实验等。第3篇“设计性、研究性实验”,以“力热光电”及近代物理与信息技术实验、计算机在物理实际问题中的应用等内容为基础,选编了一些设计性、工程性、研究性的专项实验课题,以便学生自主研究性学习与创新实践,进行研究性专题实验教学。
606 0  @a物理学@Awu li xue@x实验@x高等学校@j教材
690    @aO4-33@v5
701  0 @a张志东@Azhang zhi dong@4主编
701  0 @a魏怀鹏@Awei huai peng@4主编
701  0 @a展永@Azhan yong@4主编
801  0 @aCN@b北京卓展@c20191020
905    @b1205850-3@dO4-33@e1016=6@f4
    
    大学物理实验/张志东, 魏怀鹏, 展永主编.-第6版.-北京:科学出版社,2019
    xi, 506页:图;26cm
    “十二五”普通高等教育本科国家级规划教材 普通高等教育“十三五”规划教材
    
    ISBN 978-7-03-061957-0:CNY69.00
    本书分为三篇:第1篇“实验理论与基础知识”,系统性、完整性较强。第2篇“基础性、综合性、应用性实验”,内容涵盖力学与热学、电磁学、光学、近代物理与信息处理综合性、应用性实验等。第3篇“设计性、研究性实验”,以“力热光电”及近代物理与信息技术实验、计算机在物理实际问题中的应用等内容为基础,选编了一些设计性、工程性、研究性的专项实验课题,以便学生自主研究性学习与创新实践,进行研究性专题实验教学。
●
相关链接 在E读中查询图书 在五车中查询图书 在当当中查询图书 在豆瓣中查询图书


正题名:大学物理实验     索取号:O4-33/1016=6         预约/预借

序号 登录号 条形码 馆藏地/架位号 状态 备注
1 1205850   212058501   第二样本阅览室/ [索取号:O4-33/1016=6] 在馆    
2 1205851   212058510   第三借阅区/ [索取号:O4-33/1016=6] 在馆    
3 1205852   212058529   第三借阅区/ [索取号:O4-33/1016=6] 在馆    
4 1205853   212058538   第三借阅区/ [索取号:O4-33/1016=6] 在馆    
唐山师范学院图书馆 欢迎您!
大连网信软件有限公司© 版权所有